000 00639nam a2200169 a 4500
008 120416s1973 ||||||||||||||||| || u
020 _a0070111200
050 _aTK 7888.3
100 _aClare, Christopher R
245 1 0 _aDesigning logic systems using state machines
260 _aNew York
_bMcGraw-Hill
_c1973
300 _a[viii],116p. : ill.
350 _a0.00
650 0 _aDIGITAL ELECTRONICS
650 _aELECTRONIC DIGITAL COMPUTERS--DESIGN AND CONSTRUCTION
995 _D0.00
_FCBU-MAIN LIBRARY (Kitwe)
_H1
_I10.45
_UWEEDED
_VJul 26, 2017
_ZMain Library Open Access Collection
999 _c39798
_d39798